Music Quiz

Random Music or Song Quiz

Peace Sells... but Who's Buying? Quiz Stats

 Plays Quiz not verified by Sporcle

Challenge
Share
Tweet
Embed
Score 0/8 Timer 03:00
0 Plays Today
% Correct
Peace Sells
100%
Devil's Island
83.3%
Wake Up Dead
77.8%
The Conjuring
77.8%
Good Mourning
77.8%
I Ain't Superstitious
72.2%
Bad Omen
66.7%
My Last Words
66.7%

You're not logged in!

Compare scores with friends on all Sporcle quizzes.
Join for Free
OR
Log In

You Might Also Like...

Show Comments

Extras

Created Mar 9, 2011ReportNominate
Tags:Song Quiz, buying, peace, sell

Top Quizzes Today


Score Distribution

Your Account Isn't Verified!

In order to create a playlist on Sporcle, you need to verify the email address you used during registration. Go to your Sporcle Settings to finish the process.

Report this User

Report this user for behavior that violates our Community Guidelines.

Details: